Ťažiskové atribúty zodpovedného podnikania v podnikoch Slovenskej republiky diplomová práca

Salvato in:
Dettagli Bibliografici
Autore principale: Kukla, Peter
Ente Autore: Fakulta podnikového manažmentu EU. Katedra podnikovohospodárska
Altri autori: Dubcová, Gabriela, 1968-
Natura: Libro
Lingua:slovacco
Pubblicazione: Bratislava 2011
Tags: Aggiungi Tag
Nessun Tag, puoi essere il primo ad aggiungerne!!

MARC

LEADER 00000nbm a2200000 4500
001 0131760
005 20161130115206.1
041 0 |a slo 
044 |a SK 
245 1 0 |a Ťažiskové atribúty zodpovedného podnikania v podnikoch Slovenskej republiky  |b diplomová práca  |c Peter Kukla ; školiteľ: Gabriela Dubcová 
264 1 |a Bratislava  |c 2011 
300 |a 75 s. 
100 1 |a Kukla, Peter 
700 1 |a Dubcová, Gabriela, 1968- 
710 2 |a Fakulta podnikového manažmentu EU. Katedra podnikovohospodárska